Clinical ophthalmology: (Record no. 125)
[ view plain ]
| 000 -LEADER | |
|---|---|
| fixed length control field | 00527nam a22002057a 4500 |
| 003 - CONTROL NUMBER IDENTIFIER | |
| control field | OSt |
| 005 - DATE AND TIME OF LATEST TRANSACTION | |
| control field | 20140704143701.0 |
| 008 - FIXED-LENGTH DATA ELEMENTS--GENERAL INFORMATION | |
| fixed length control field | 140704b xxu||||| |||| 00| 0 eng d |
| 020 ## - INTERNATIONAL STANDARD BOOK NUMBER | |
| International Standard Book Number | 9780702031359 |
| 040 ## - CATALOGING SOURCE | |
| Transcribing agency | DNLM |
| 082 ## - DEWEY DECIMAL CLASSIFICATION NUMBER | |
| Classification number | WW100 K134c 2009 |
| Item number | K |
| 100 ## - MAIN ENTRY--PERSONAL NAME | |
| Personal name | Kanski, Jack J. |
| 9 (RLIN) | 337 |
| 245 ## - TITLE STATEMENT | |
| Title | Clinical ophthalmology: |
| Remainder of title | a synopsis. |
| 250 ## - EDITION STATEMENT | |
| Edition statement | 2nd ed. |
| 260 ## - PUBLICATION, DISTRIBUTION, ETC. (IMPRINT) | |
| Place of publication, distribution, etc. | US: |
| Name of publisher, distributor, etc. | Butterworth |
| Date of publication, distribution, etc. | 2009 |
| 300 ## - PHYSICAL DESCRIPTION | |
| Extent | xviii,540 p; |
| Other physical details | col.ill |
| Dimensions | 19cm |
| 504 ## - BIBLIOGRAPHY, ETC. NOTE | |
| Bibliography, etc | Index included. |
| 650 ## - SUBJECT ADDED ENTRY--TOPICAL TERM | |
| Topical term or geographic name as entry element | Ophthalmology |
| 9 (RLIN) | 338 |
| 942 ## - ADDED ENTRY ELEMENTS (KOHA) | |
| Source of classification or shelving scheme | Other/Generic Classification Scheme |
| Koha item type | Open Shelf |
| Withdrawn status | Lost status | Source of classification or shelving scheme | Damaged status | Not for loan | Home library | Current library | Date acquired | Source of acquisition | Inventory number | Total Checkouts | Full call number | Barcode | Date last seen | Date last checked out | Price effective from | Koha item type | Total Renewals |
|---|---|---|---|---|---|---|---|---|---|---|---|---|---|---|---|---|---|
| Other/Generic Classification Scheme | MUST Main Library | MUST Main Library | 04/07/2014 | 14/37597 | 1 | WW100 K134c 2009 K | 2014-0183 | 03/05/2017 | 06/02/2017 | 04/07/2014 | Open Shelf | ||||||
| Other/Generic Classification Scheme | MUST Main Library | MUST Main Library | 04/07/2014 | 14/37599 | 1 | WW100 K134c 2009 K | 2014-0184 | 08/10/2021 | 10/09/2021 | 04/07/2014 | Open Shelf | 1 | |||||
| Other/Generic Classification Scheme | MUST Main Library | MUST Main Library | 04/07/2014 | 14/37600 | 2 | WW100 K134c 2009 K | 2014-0185 | 17/10/2022 | 08/07/2022 | Open Shelf | |||||||
| Other/Generic Classification Scheme | MUST Main Library | MUST Main Library | 17/07/2014 | 14/37598 | WW100 K134c 2009 K | 2014-0952 | 17/07/2014 | 17/07/2014 | Open Shelf |
